00697nam a2200217Ia 4500003000400000005001700004008004100021020001400062040000700076041000800083082002000091100003200111245007700143250000600220260004100226300001600267365001300283942001200296999001900308952015200327OSt20230503160235.0210423s2010 xx 000 0 und d a230639976 cAL aeng a530.41 SAXA223 aSAXENA (Ajay Kumar).995259 aSolid state physics: an introduction to solid state elelctronic devices. a2 aNew DelhibMacmillan India Ltdc2010 axii,452bPB b300cINR 2ddccBK c161968d161968 001040708PHYaSACPGbSACPGd2012-07-23eHigginbothams Pvt Ltdg300.00l7o530.41 SAXApPG008461r2025-04-15 12:41:41s2025-03-28w2021-04-26yBK